00317nam a2200121Ia 4500008004100000040001600041041001200057082001600069100001900085245003900104260003600143300001600179230917s9999||||xx |||||||||||||| ||und|| e84303aMAIN aEnglish a519.5 W643S aWilcox, Rand R 0aStatistics for the social sciences aSan DiegobAcademic Pressc1996 axix, 454 p.